| 000 | 00565nam a2200193 u 4500 | ||
|---|---|---|---|
| 005 | 20230316063559.0 | ||
| 008 | 111025s2006 es r 000 0 spa d | ||
| 020 | _a8466751858 | ||
| 035 | _aUPN01000182336 | ||
| 049 | _aI | ||
| 050 | 4 |
_aPZ7 _bD6.7 |
|
| 100 | 1 |
_aDocherty, Thomas _931771 |
|
| 245 | 1 | 3 |
_aEl sueño de Pipa / _cThomas Docherty ; tr. Gonzalo García. |
| 260 |
_aMadrid : _bAnaya, _c2006. |
||
| 300 |
_a58 p. : _bil. col. |
||
| 534 |
_pTítulo original: _tPip and the lost dream |
||
| 650 | 4 |
_aCuentos infantiles ingleses _910002 |
|
| 905 | _aInfantil | ||
| 999 |
_c154439 _d154439 |
||